000 00859nam a2200205 a 4500
001 000041168
005 20201002034656.0
008 130917s1998 sp 000 0 spa d
020 _a8400077385
040 _aDO-SdBNP
_bspa
_cBNPHU
100 1 _aHuertas García-Alejo, Rafael
_914899
245 1 0 _aClasificar y educar :
_bhistoria natural y social de la deficiencia mental /
_cRafael Huertas García-Alejo.
260 _aMadrid :
_bConsejo Superior de Investigaciones Científicas,
_c1998.
300 _a181 p. ;
_c18 cm.
490 1 _aCuadernos Galileo de Historia de la Ciencia
_v18
504 _aIncluye referencias bibliográficas y notas al pie de las páginas
504 _abibliografías : p. 159-179
710 2 _aConsejo Superior de Investigaciones Científicas,(España)
_967570
830 0 _aCuadernos Galileo de Historia de la Ciencia
_n18
_967727
999 _c40658
_d40658